[Event "EU-Cup 39th"]
[Site "Vrnjacka Banja"]
[Date "2024.10.25"]
[Round "6.2"]
[White "Bokorovics, Bertalan"]
[Black "Diermair, Andreas"]
[Result "1/2-1/2"]
[WhiteElo "2205"]
[BlackElo "2429"]
[PlyCount "45"]
[EventDate "2024.10.20"]
[EventType "team-swiss"]
[EventRounds "7"]
[EventCountry "SRB"]
[SourceTitle "CB44_2024"]
[Source "Chessbase"]
[SourceDate "2024.10.30"]
[SourceVersion "1"]
[SourceVersionDate "2024.10.30"]
[SourceQuality "1"]
[WhiteTeam "De Stukkenjagers"]
[BlackTeam "Raika Feffernitz"]
[WhiteTeamCountry "NED"]
[BlackTeamCountry "AUT"]

1. e4 e6 2. d4 d5 3. exd5 exd5 4. Nf3 Nf6 5. Bd3 Bd6 6. Qe2+ Be6 7. c4 Bb4+ 8. Nc3 0-0 9. 0-0 Re8 10. Bg5 dxc4 11. Bxc4 Nbd7 12. Rfe1 h6 13. Bh4 Nb6 14. Bd3 Nbd5 15. Qd2 c5 16. a3 Bxc3 17. bxc3 Qa5 18. dxc5 Rac8 19. Reb1 Nd7 20. Bb5 Rxc5 21. c4 Qxd2 22. Nxd2 Nc3 23. Rb3 1/2-1/2

[Event "EU-Cup 39th"]
[Site "Vrnjacka Banja"]
[Date "2024.10.21"]
[Round "2.3"]
[White "Bokorovics, Bertalan"]
[Black "Vollbehr, Bjarne"]
[Result "1-0"]
[WhiteElo "2205"]
[BlackElo "2082"]
[PlyCount "93"]
[EventDate "2024.10.20"]
[EventType "team-swiss"]
[EventRounds "7"]
[EventCountry "SRB"]
[SourceTitle "CB44_2024"]
[Source "Chessbase"]
[SourceDate "2024.10.30"]
[SourceVersion "1"]
[SourceVersionDate "2024.10.30"]
[SourceQuality "1"]
[WhiteTeam "De Stukkenjagers"]
[BlackTeam "Kiel Doppelbauer"]
[WhiteTeamCountry "NED"]
[BlackTeamCountry "GER"]

1. e4 e5 2. Nf3 Nc6 3. g3 Nf6 4. d3 Bc5 5. Bg2 d6 6. c3 a6 7. 0-0 0-0 8. b4 Ba7 9. a4 Ne7 10. Re1 Ng6 11. Nbd2 Re8 12. Qc2 c6 13. Nc4 h6 14. a5 Be6 15. Be3 Bxe3 16. Rxe3 Qc7 17. Nb6 Rad8 18. Rae1 Nd7 19. Nxd7 Bxd7 20. d4 c5 21. Qb3 cxd4 22. cxd4 Rc8 23. Rd1 Be6 24. d5 Bd7 25. Ne1 Ne7 26. Rdd3 Qc4 27. Qb2 Qc1 28. Qb3 f5 29. Rd1 Qc4 30. Qb1 Ba4 31. Bf1 Qc7 32. Rd2 Qc1 33. Qxc1 Rxc1 34. Nd3 Rc3 35. Nb2 Rxe3 36. fxe3 Bd7 37. Nc4 Nc8 38. exf5 Bxf5 39. e4 Bd7 40. Rc2 Bb5 41. Bh3 Rd8 42. Nxe5 dxe5 43. Rxc8 Rxc8 44. Bxc8 Kf8 45. Bxb7 Ke7 46. Bc8 g6 47. Kf2 1-0

[Event "HUN-ch Rapid"]
[Site "Ajka"]
[Date "2024.07.20"]
[Round "2"]
[White "Bokorovics, Bertalan"]
[Black "Pechac, Jergus"]
[Result "0-1"]
[WhiteElo "2192"]
[BlackElo "2578"]
[PlyCount "50"]
[EventDate "2024.07.20"]
[EventType "swiss (rapid)"]
[EventRounds "11"]
[EventCountry "HUN"]
[SourceTitle "CBM 221 Extra"]
[Source "ChessBase"]
[SourceDate "2024.09.30"]
[SourceVersion "1"]
[SourceVersionDate "2024.09.30"]
[SourceQuality "1"]

1. e4 e5 2. Nf3 Nc6 3. d4 exd4 4. Nxd4 Nf6 5. Nxc6 bxc6 6. Bd3 d5 7. exd5 cxd5 8. 0-0 Be7 9. c4 d4 10. b4 0-0 11. b5 Ng4 12. Nd2 Qd6 13. g3 Ne5 14. Be4 Rb8 15. Nb3 Bg4 16. Qxd4 Qxd4 17. Nxd4 Bf6 18. Be3 Nxc4 19. Rac1 Nxe3 20. fxe3 Bg5 21. Nf3 Bxe3+ 22. Kg2 Bxc1 23. Rxc1 Rxb5 24. Rxc7 Rb2+ 25. Kg1 Rd8 0-1

[Event "Budapest Vezerkepzo IM 07"]
[Site "Budapest"]
[Date "2024.07.13"]
[Round "2"]
[White "Demeter, Dorina"]
[Black "Bokorovics, Bertalan"]
[Result "0-1"]
[WhiteElo "2239"]
[BlackElo "2192"]
[PlyCount "114"]
[EventDate "2024.07.12"]
[EventType "tourn"]
[EventRounds "9"]
[EventCountry "HUN"]
[SourceTitle "CBM 221 Extra"]
[Source "ChessBase"]
[SourceDate "2024.09.30"]
[SourceVersion "1"]
[SourceVersionDate "2024.09.30"]
[SourceQuality "1"]

1. Nf3 d5 2. d4 Nf6 3. c4 e6 4. Nc3 dxc4 5. e3 a6 6. Bxc4 b5 7. Bb3 c5 8. 0-0 Bb7 9. Qe2 Nbd7 10. Rd1 Qc7 11. h3 Be7 12. Bd2 0-0 13. Rac1 Rac8 14. a3 Qb8 15. Bc2 Qa8 16. dxc5 Nxc5 17. b4 Nce4 18. Nxe4 Nxe4 19. Bxe4 Bxe4 20. Bc3 Rfd8 21. Rxd8+ Rxd8 22. Bd4 Rc8 23. Qb2 f6 24. Rxc8+ Qxc8 25. Nd2 Bd5 26. Qc3 Qxc3 27. Bxc3 e5 28. f3 Bd8 29. Kf2 Kf7 30. Ke2 Ke7 31. Kd3 Bb6 32. g4 Ke6 33. h4 g6 34. Ne4 f5 35. Ng5+ Kd6 36. gxf5 gxf5 37. Nxh7 Bxf3 38. Ng5 Bh5 39. Nh7 Bd8 40. Ng5 Kd5 41. Be1 Bf6 42. Bg3 Bg6 43. Be1 Bd8 44. Bf2 a5 45. Be1 a4 46. Bf2 Bf6 47. Be1 Bxg5 48. hxg5 f4+ 49. Kd2 Kc4 50. exf4 exf4 51. Bf2 Kb3 52. Bd4 Kxa3 53. Kc3 Ka2 54. Be5 f3 55. Bd4 Kb1 56. Be3 a3 57. Kb3 a2 0-1

[Event "Budapest Vezerkepzo IM 07"]
[Site "Budapest"]
[Date "2024.07.12"]
[Round "1"]
[White "Juhasz, Barbara"]
[Black "Bokorovics, Bertalan"]
[Result "1/2-1/2"]
[WhiteElo "2176"]
[BlackElo "2192"]
[PlyCount "163"]
[EventDate "2024.07.12"]
[EventType "tourn"]
[EventRounds "9"]
[EventCountry "HUN"]
[SourceTitle "CBM 221 Extra"]
[Source "ChessBase"]
[SourceDate "2024.09.30"]
[SourceVersion "1"]
[SourceVersionDate "2024.09.30"]
[SourceQuality "1"]

1. e4 c5 2. Nf3 d6 3. d4 cxd4 4. Qxd4 Nc6 5. Qe3 g6 6. c4 Bg7 7. Nc3 Nf6 8. Be2 Bg4 9. 0-0 Nd7 10. Rd1 Qb6 11. Nd5 Qxe3 12. Nxe3 Bxf3 13. gxf3 0-0 14. Rb1 Rfc8 15. b3 Kf8 16. Bb2 Bxb2 17. Rxb2 Nf6 18. h4 Nd8 19. Ng4 Nh5 20. Bf1 Nc6 21. Rbd2 Nf4 22. Kh2 Ke8 23. Kg3 Nh5+ 24. Kh2 Rd8 25. Rb2 e5 26. Ne3 Nf4 27. Rbd2 Nd4 28. Rxd4 exd4 29. Rxd4 Rac8 30. Bh3 Rc5 31. Rd2 a6 32. b4 Rc7 33. Bf1 Ke7 34. a3 Ra8 35. Bh3 a5 36. b5 Rc5 37. Bg4 h5 38. Bh3 Nxh3 39. Kxh3 Rac8 40. Rd4 Ke6 41. f4 f6 42. Kg3 Rg8 43. Kf3 f5 44. Kg3 fxe4 45. Rxe4+ Kf7 46. Rd4 Rd8 47. a4 Rd7 48. Nd5 Rd8 49. Ne3 Rc7 50. Nd5 Rcd7 51. Kf3 Re8 52. Ne3 Ree7 53. Ke2 Ke8 54. Kd2 Rf7 55. Nd5 Rf5 56. Re4+ Kd8 57. Re6 Rf8 58. Rxg6 Rdf7 59. Rxd6+ Kc8 60. Ke3 Re8+ 61. Kd4 Re2 62. Kc5 Ra2 63. f5 Rxf5 64. Kb6 Rf7 65. Rh6 Rxa4 66. Kc5 Ra2 67. Nb6+ Kc7 68. Nd5+ Kc8 69. f4 a4 70. Kb4 a3 71. Rxh5 Ra1 72. Kb3 Kd7 73. Rh8 Rg7 74. Ra8 Rg3+ 75. Kb4 a2 76. Kc5 Rg2 77. Nb4 Rb2 78. Nd3 Rd2 79. Nb4 Rb2 80. Nd3 Rd2 81. Nb4 Rb2 82. Nd3 1/2-1/2

[Event "HUN-chT1 Charousek 2122"]
[Site "Hungary"]
[Date "2022.04.10"]
[Round "11.7"]
[White "Horvath, Sandor"]
[Black "Bokorovics, Bertalan"]
[Result "0-1"]
[WhiteElo "2225"]
[BlackElo "2200"]
[PlyCount "64"]
[EventDate "2021.10.10"]
[EventType "team-tourn"]
[EventRounds "11"]
[EventCountry "HUN"]
[SourceTitle "EXT 2025"]
[Source "ChessBase"]
[SourceDate "2024.10.14"]
[SourceVersion "1"]
[SourceVersionDate "2024.10.14"]
[SourceQuality "1"]
[WhiteTeam "Csuti Hydro"]
[BlackTeam "Budapest MTK"]
[WhiteTeamCountry "HUN"]
[BlackTeamCountry "HUN"]

1. e4 c5 2. g3 d5 3. exd5 Qxd5 4. Nf3 Bg4 5. Bg2 Qe6+ 6. Kf1 Nc6 7. h3 Bh5 8. Nc3 Qd7 9. d3 e6 10. Bf4 f6 11. g4 Bf7 12. Qe2 Nge7 13. Ne4 Nd5 14. Bg3 Be7 15. Nc3 0-0 16. Kg1 Rfe8 17. Kh2 Bd6 18. Nxd5 exd5 19. Qd2 Bxg3+ 20. fxg3 d4 21. Rhe1 Nb4 22. g5 Nd5 23. gxf6 gxf6 24. c3 Ne3 25. cxd4 cxd4 26. b3 Re7 27. Rac1 Rae8 28. Qb4 Nxg2 29. Rxe7 Rxe7 30. Kxg2 Bd5 31. Rf1 Re2+ 32. Rf2 Qf5 0-1

[Event "HUN-chT1 Charousek 2122"]
[Site "Hungary"]
[Date "2021.10.10"]
[Round "1.7"]
[White "Bokorovics, Bertalan"]
[Black "Pesti, Mate"]
[Result "1-0"]
[WhiteElo "2217"]
[BlackElo "1985"]
[PlyCount "69"]
[EventDate "2021.10.10"]
[EventType "team-tourn"]
[EventRounds "11"]
[EventCountry "HUN"]
[SourceTitle "EXT 2025"]
[Source "ChessBase"]
[SourceDate "2024.10.14"]
[SourceVersion "1"]
[SourceVersionDate "2024.10.14"]
[SourceQuality "1"]
[WhiteTeam "Budapest MTK"]
[BlackTeam "Gyori Elektromos"]
[WhiteTeamCountry "HUN"]
[BlackTeamCountry "HUN"]

1. e4 c5 2. Nf3 Nc6 3. d4 cxd4 4. Nxd4 g6 5. Be3 Nf6 6. Nc3 Bg7 7. Bc4 Qa5 8. 0-0 0-0 9. Bb3 d6 10. h3 Bd7 11. Re1 Rac8 12. Nf3 h6 13. Qe2 Qc7 14. Qd2 Kh7 15. Nd5 Nxd5 16. exd5 Na5 17. Bd4 Qd8 18. Bxg7 Kxg7 19. Re3 Re8 20. Rae1 Nxb3 21. axb3 Rc7 22. c3 a6 23. h4 h5 24. Qd4+ f6 25. Ng5 Kg8 26. Ne6 Bxe6 27. Rxe6 Kf7 28. R1e3 Rg8 29. Qe4 Rg7 30. Rg3 Rg8 31. Qe2 Rg7 32. f4 Qh8 33. Rge3 Qf8 34. Rg3 f5 35. Rf6+ 1-0